Normal view
MARC view
- Shenoy A
Entry Personal Name
001 - CONTROL NUMBER
- control field: 195891
003 - CONTROL NUMBER IDENTIFIER
- control field: OSt
005 - DATE AND TIME OF LATEST TRANSACTION
- control field: 20230714214758.0
008 - FIXED-LENGTH DATA ELEMENTS
- fixed length control field: 230714|| aca||aabn | a|a d
040 ## - CATALOGING SOURCE
- Original cataloging agency: OSt
- Transcribing agency: OSt
100 ## - HEADING--PERSONAL NAME
- Personal name: Shenoy A
670 ## - SOURCE DATA FOUND
- Source citation: Work cat.: (OSt)211243: Shenoy A., HTML 5 And CSS3 Transition, Transformation, And Animation, 2013